Athletic Club Squad 2018-2019 - Statistics

General Stats
  • This quiz has been taken 24 times
  • The average score is 23 of 28
Answer Stats
# Position Nation Player % Correct
20 FW Spain Aritz Aduriz
100%
13 GK Spain Iago Herrerín
100%
10 FW Spain Iker Muniain
100%
9 FW Ghana Iñaki Williams
100%
15 DF Spain Iñigo Lekue
100%
24 DF Spain Mikel Balenziaga
100%
18 DF Spain Óscar de Marcos
100%
25 GK Spain Unai Simón
100%
5 DF Spain Yeray Álvarez
100%
7 MF Spain Beñat Etxebarria
91%
4 DF Spain Iñigo Martínez
91%
2 FW Bosnia and Herzegovina Kenan Kodro
91%
22 MF Spain Raúl García
91%
3 DF Spain Unai Núñez
91%
8 MF Spain Ander Iturraspe
82%
2 DF Romania Cristian Ganea
82%
- Coach Argentina Eduardo Berizzo
82%
- Coach Spain Gaizka Garitano
82%
14 FW Spain Markel Susaeta
82%
6 MF Spain Mikel San José
82%
12 DF Spain Yuri Berchiche
82%
17 MF Spain Mikel Rico
73%
21 DF Spain Ander Capa
64%
16 MF Spain Dani García
64%
11 FW Spain Iñigo Córdoba
64%
1 GK Spain Álex Remiro
55%
23 MF Spain Unai López
55%
19 FW Spain Ibai Gómez
45%
No matching quizzes found
Score Distribution
Percent of People with Each Score
Percentile by Number Answered
Your Score History
You have not taken this quiz